| 000 | 01309cam a22003615i 4500 | ||
|---|---|---|---|
| 999 |
_c299 _d299 |
||
| 003 | EG-ScBUE | ||
| 005 | 20200108121954.0 | ||
| 008 | 130109t20062006nyu f bd 001 0 eng d | ||
| 020 | _a0321330730 (pbk.) | ||
| 020 | _a9780321330734 | ||
| 040 |
_aEG-ScBUE _beng _erda _cEG-ScBUE _dEG-ScBUE |
||
| 082 | 0 | 4 |
_a808.0668 _bBAR _222 |
| 100 | 1 |
_aBarnet, Sylvan, _eauthor. |
|
| 245 | 1 | 2 |
_aA short guide to writing about literature / _cSylvan Barnet, Tufts University, William E. Cain, Wellesley College. |
| 250 | _aTenth edition. | ||
| 264 | 1 |
_aNew York : _bPearson Education / Longman, _c[2006] |
|
| 264 | 4 | _cc2006 | |
| 300 |
_axx, 380 pages ; _c23 cm. |
||
| 336 |
_atext _btxt _2rdacontent |
||
| 337 |
_aunmediated _bn _2rdamedia |
||
| 338 |
_avolume _bnc _2rdacarrier |
||
| 490 | 0 | _aShort guide series | |
| 500 | _aIncludes glossary. | ||
| 504 | _aIncludes bibliographical references and index. | ||
| 650 | 7 |
_aEnglish language _xRhetoric _vHandbooks, manuals, etc. _2BUEsh _97500 |
|
| 650 | 7 |
_aLiterature _xHistory and criticism _xTheory, etc. _vHandbooks, manuals, etc. _2BUEsh |
|
| 650 | 7 |
_aCriticism _xAuthorship _vHandbooks, manuals, etc. _2BUEsh |
|
| 650 | 7 |
_aExposition (Rhetoric) _2BUEsh |
|
| 651 | _2BUEsh | ||
| 653 | _bHHUUEENN | ||
| 700 | 1 |
_aCain, William E., _d1952- _eauthor. _931835 |
|
| 942 |
_cBB _2ddc |
||